000 00597nam a2200181 a 4500
001 2265
005 20140414131938.0
008 010725s19uu xx 00 eng d
020 _a0-394-84733-4
050 _aER
_bC46 1981
100 _aStone, Jon
245 _aChristmas Eve on Sesame street /
_ccreated by John Stone ; illustrated by Joe Mathieu.
260 _aNew York :
_bRandom House / Children's Television Workshop,
_c1981.
300 _ap. : ill. ; cm.
500 _aBased on the television special "Christmas Eve on Sesame Street"
650 _aChristmas stories.
999 _c112526
_d112526